Taylor Swift - Devine les chansons par leurs 1ère phrases #7 - Statistiques

Statistiques générales
  • Ce quiz a été pris 175 fois
  • Le résultat moyen est 6 sur 15
Statistiques - réponses
Hint Réponse % Correct
Friends break up, friends get married Right Where You Left Me
80%
You know I adore you, I'm crazier for you Miss Americana & The Heartbreak Prince
74%
My castle crumbled overnight Call It What You Want
70%
We gather here, we line up, weepin' in a sunlit room my tears ricochet
59%
I'm so glad you made time to see me Back to December
55%
You can beat the heat if you beat the charges too Florida!!!
55%
Wise men once said The Albatross
43%
One look, dark room You Are In Love
43%
***, I won't make assumptions betty
34%
I said, "Oh my, what a marvelous tune" Starlight
34%
I'm walking fast through the traffic lights State of Grace
30%
I still remember the look on your face Last Kiss
20%
One night, a few moons ago Snow on the Beach
17%
Friday night beneath the stars I’m Only Me When I’m With You
12%
It wasn't just like a movie Bye Bye Baby
9%
Aucun quiz correspondant
Distribution des résultats
% des personnes avec chaque résultat
Percentile par nombre de réponses
Votre historique - résultats
Vous n’avez pas pris ce quiz